[Event "FRA-ch op-A"]
[Site "Marseille"]
[Date "2001.08.21"]
[Round "7"]
[White "Chaderon, Laurent"]
[Black "Perrin, Guillaume"]
[Result "0-1"]
[WhiteElo "2189"]
[BlackElo "2143"]
[PlyCount "81"]
[EventDate "2001.08.13"]
[EventType "swiss"]
[EventRounds "11"]
[EventCountry "FRA"]
[SourceTitle "EXT 2002"]
[Source "ChessBase"]
[SourceDate "2001.11.25"]
[SourceVersion "1"]
[SourceVersionDate "2001.11.25"]
[SourceQuality "1"]

1. e4 g6 2. h4 c5 3. h5 Nc6 4. Nc3 Bg7 5. Nf3 e6 6. d3 d5 7. Bg5 Qb6 8. Rb1 h6 9. exd5 Nd4 10. Bd2 Ne7 11. hxg6 fxg6 12. d6 Qxd6 13. Ne4 Qc7 14. Nxd4 cxd4 15. c4 dxc3 16. bxc3 Bd7 17. Qb3 Bc6 18. Qxe6 Bd5 19. Qd6 Qc6 20. Qxc6+ Bxc6 21. Be2 0-0-0 22. f3 Nf5 23. Kf2 Rhf8 24. Rhd1 Ba4 25. Rh1 Bc2 26. Rb2 Bxd3 27. Nc5 Bxe2 28. Ne6 Rde8 29. Nxg7 Nxg7 30. Bxh6 Rh8 31. Rhb1 Rxh6 32. Rxb7 Bd3 33. Rb8+ Kc7 34. R8b7+ Kc6 35. R1b2 Ne6 36. Rxa7 Rhh8 37. Rd2 Nc5 38. Rf7 Rhf8 39. Rg7 Ne4+ 40. Ke3 Nxd2+ 41. Kxd3 0-1

[Event "FRA-ch op-A"]
[Site "Marseille"]
[Date "2001.08.16"]
[Round "3"]
[White "Chaderon, Laurent"]
[Black "Mathieu, Romaric"]
[Result "1-0"]
[WhiteElo "2189"]
[BlackElo "2076"]
[PlyCount "69"]
[EventDate "2001.08.13"]
[EventType "swiss"]
[EventRounds "11"]
[EventCountry "FRA"]
[SourceTitle "EXT 2002"]
[Source "ChessBase"]
[SourceDate "2001.11.25"]
[SourceVersion "1"]
[SourceVersionDate "2001.11.25"]
[SourceQuality "1"]

1. e4 c5 2. b3 Nc6 3. Bb2 d6 4. Bb5 Bd7 5. f4 a6 6. Bxc6 Bxc6 7. d3 Nf6 8. Nf3 e6 9. c4 Be7 10. Nc3 Qc7 11. 0-0 0-0 12. Qe2 b5 13. e5 Nd7 14. Rae1 Rab8 15. exd6 Bxd6 16. Ne5 bxc4 17. dxc4 Nf6 18. Ng4 Be7 19. f5 Bd7 20. Nxf6+ Bxf6 21. fxe6 Bd4+ 22. Kh1 Bxe6 23. Nd5 Bxd5 24. cxd5 Qd6 25. Bxd4 cxd4 26. Qc4 Rb5 27. Rf5 g6 28. Rfe5 f6 29. Re7 Qxd5 30. Qc7 Rf7 31. Rxf7 Qxf7 32. Qd8+ Kg7 33. Re7 Re5 34. Rxf7+ Kxf7 35. Kg1 1-0

[Event "FRA-chT2S"]
[Site "France"]
[Date "1997.??.??"]
[Round "3"]
[White "Ruiz, Richard"]
[Black "Chaderon, Laurent"]
[Result "1-0"]
[WhiteElo "2165"]
[BlackElo "2110"]
[PlyCount "51"]
[EventDate "1997.??.??"]
[EventType "team"]
[EventRounds "9"]
[EventCountry "FRA"]
[SourceTitle "EXT 2007"]
[Source "ChessBase"]
[SourceDate "2006.11.23"]
[SourceVersion "1"]
[SourceVersionDate "2006.11.23"]
[SourceQuality "1"]
[WhiteTeam "Nice Alekhine"]
[BlackTeam "La Ciotat"]
[WhiteTeamCountry "FRA"]
[BlackTeamCountry "FRA"]

1. d4 Nc6 2. Nf3 d5 3. c3 Bg4 4. Bf4 e6 5. Qb3 Rb8 6. e3 Bxf3 7. gxf3 Bd6 8. Bg3 Nge7 9. Bd3 h5 10. Nd2 h4 11. Bxd6 Qxd6 12. f4 f6 13. 0-0-0 e5 14. dxe5 fxe5 15. fxe5 Nxe5 16. Bc2 0-0 17. Rhg1 Qh6 18. f4 Nf7 19. Nf3 Qh5 20. Rdf1 c6 21. Qb4 Rbe8 22. Qd4 g6 23. Nxh4 Qxh4 24. Bxg6 Qh6 25. Bc2+ Ng5 26. Qd1 1-0